Dos grabadores: Medardo Espinosa, René Quevedo

Saved in:
Bibliografiske detaljer
Hovedforfatter: Rodríguez, Eugenio (Author)
Format: Bog
Sprog:spansk
Udgivet: Valparaíso Fondart 2001
Udgivelse:1a. ed
Fag:
Tags: Tilføj Tag
Ingen Tags, Vær først til at tagge denne postø!

MARC

LEADER 00000nam a2200000 a 4500
001 UCJ0971
003 CL-VaPUC
008 060929e20010000CL |||||||||||||||||spa|d
082 0 4 |a 760.09  |b ROD  |2 21 
100 0 |a Rodríguez, Eugenio  |e author  |9 501480 
245 1 0 |a Dos grabadores: Medardo Espinosa, René Quevedo 
250 |a 1a. ed 
300 |a 85 p 
942 |c BK 
945 |d 20060929 00:00:00  |a cmena 
260 |a Valparaíso  |b Fondart  |c 2001 
600 0 7 |a QUEVEDO RIVERA, RENE  |2 CL-VaPUC  |9 501481 
600 0 7 |a ESPINOSA CASTRO, MEDARDO  |2 CL-VaPUC  |9 501482 
650 0 |a Grabados  |9 310822 
650 0 |a Artistas chilenos  |9 344566 
650 0 |a Biografías  |9 255210 
583 |a last modification  |c 20060929 00:00:00  |k Rodrigo Vera 
999 |c 317706  |d 317704 
952 |0 0  |1 0  |4 0  |6 760_090000000000000_ROD_2001  |7 0  |8 A  |9 394583  |a BIBEDU  |b BIBEDU  |d 2019-11-22  |i 4265149  |o 760.09 ROD 2001  |p 4265149  |r 2019-11-22  |w 2019-11-22  |y BK  |k EBA